00466 2200169 4500001002100000005001700021035002500038090002000063100001200083245007900095250001200174260002700186300002300213650002700236850001200263990002100275YOGYA00000000004592020150304095156.0 a0010-081400000045638 aDEP 005.3 Jas T aJasmadi aTuntunan Praktis Mengirim dan Menerima Fax menggunakan komputerc/ Jasmadi aCet. 10 aYogyakartabAndic2007 av, 99 hlm.c23 cm. aFax (Program komputer) aYOPDYOG aCB-D.11-2007-279